[Event "Caorle op"]
[Site "Caorle"]
[Date "1988.??.??"]
[Round "4"]
[White "Engelkes, Bert"]
[Black "Mesman, Fer"]
[Result "1-0"]
[WhiteElo "2000"]
[BlackElo "2000"]
[PlyCount "81"]
[EventDate "1988.??.??"]
[EventType "swiss"]
[EventRounds "8"]
[EventCountry "ITA"]
[SourceTitle "EXT 1999"]
[Source "ChessBase"]
[SourceDate "1998.11.16"]
[SourceVersion "1"]
[SourceVersionDate "1998.11.16"]
[SourceQuality "1"]

1. d4 Nf6 2. c4 g6 3. Nc3 Bg7 4. e4 d6 5. Nf3 0-0 6. Be2 e5 7. 0-0 Bd7 8. d5 a5 9. b3 Na6 10. a3 Nc5 11. Nd2 h5 12. Rb1 Bh6 13. Qc2 Nh7 14. b4 axb4 15. axb4 Na6 16. c5 Qe7 17. Nc4 Bxc1 18. cxd6 cxd6 19. Rfxc1 Rac8 20. Nb6 Rc7 21. Qa2 Qg5 22. Nxd7 Rxd7 23. Bxa6 bxa6 24. Qxa6 Rc7 25. Ne2 Rxc1+ 26. Rxc1 Qd2 27. Qc4 Rb8 28. Rb1 Ra8 29. b5 Qa5 30. b6 Rb8 31. b7 Kg7 32. Qc8 Qa2 33. Nc3 Qa7 34. h3 Nf6 35. Rb4 Kh6 36. Qc7 Kg7 37. Qxd6 Rxb7 38. Rxb7 Qxb7 39. Qxe5 Qb2 40. d6 Qb8 41. Nd5 1-0

[Event "Caorle op"]
[Site "Caorle"]
[Date "1988.??.??"]
[Round "6"]
[White "Sturma, Mauro"]
[Black "Engelkes, Bert"]
[Result "1/2-1/2"]
[WhiteElo "1900"]
[BlackElo "2000"]
[PlyCount "53"]
[EventDate "1988.??.??"]
[EventType "swiss"]
[EventRounds "8"]
[EventCountry "ITA"]
[SourceTitle "EXT 1999"]
[Source "ChessBase"]
[SourceDate "1998.11.16"]
[SourceVersion "1"]
[SourceVersionDate "1998.11.16"]
[SourceQuality "1"]

1. e4 e5 2. Nf3 d6 3. Nc3 Nf6 4. d4 Nbd7 5. Bc4 Be7 6. dxe5 dxe5 7. 0-0 0-0 8. h3 c6 9. a4 Qc7 10. Qe2 Nc5 11. Nh4 Re8 12. Qf3 Ne6 13. Ne2 Nd4 14. Nxd4 exd4 15. Nf5 Bxf5 16. Qxf5 Bd6 17. Bd3 Re5 18. Qf3 Rae8 19. Bf4 R5e6 20. Bxd6 Qxd6 21. Rfe1 Qe7 22. Rad1 c5 23. e5 b6 24. Bb5 Nd7 25. Qg3 a6 26. Bxd7 Qxd7 27. f4 1/2-1/2